000 00575nam a2200205Ia 4500
005 20260429112251.0
008 260429s9999||||xx |||||||||||||| ||und||
020 _a9780691234557
041 _aEnglish
082 _a809
_bDAM
100 _aDamrosch, David
245 0 _aComparing the literatures :
_bliterary studies in a global age /
_cDavid Damrosch
250 _a1st ed.
260 _aPrinceton :
_bPrinceton University Press,
_c2020.
300 _ax, 386 p.; pbk
650 _a Comparison
650 _a Literary studies
650 _aLiterature
942 _cTB
999 _c53217
_d53217